New York JFK Destinations on a Map 2024 - Statistics

General Stats
  • This quiz has been taken 539 times
  • The average score is 140 of 194
Answers on the Map
Answers color-coded by a green-red scale on the quiz's map according to % correct below.
 
Answer Stats
Country Answer % Correct
United Kingdom London
95%
United States Los Angeles
95%
Germany Berlin
94%
United States Boston
94%
France Paris
94%
Italy Rome
94%
Japan Tokyo
94%
Greece Athens
93%
Ireland Dublin
93%
Spain Madrid
93%
United States Miami
93%
Norway Oslo
93%
Brazil Rio de Janeiro
93%
The Netherlands Amsterdam
92%
Spain Barcelona
92%
China Beijing
92%
United States Dallas
92%
India Delhi
92%
UAE Dubai
92%
Finland Helsinki
92%
Turkey Istanbul
92%
Portugal Lisbon
92%
Mexico Mexico City
92%
Italy Milan
92%
United States San Francisco
92%
South Korea Seoul
92%
China Shanghai
92%
Canada Vancouver
92%
Belgium Brussels
91%
Egypt Cairo
91%
United States Chicago
91%
Denmark Copenhagen
91%
Hong Kong Hong Kong
91%
United States Houston
91%
United Kingdom Manchester
91%
India Mumbai
91%
Dominican Republic Santiago de los Caballeros
91%
Sweden Stockholm
91%
Israel Tel Aviv
91%
Canada Toronto
91%
Austria Vienna
91%
Poland Warsaw
91%
Colombia Bogota
90%
Argentina Buenos Aires
90%
United States Denver
90%
Germany Frankfurt
90%
United States Las Vegas
90%
Peru Lima
90%
Philippines Manila
90%
Germany Munich
90%
Chile Santiago
90%
United States Seattle
90%
Switzerland Zurich
90%
UAE Abu Dhabi
89%
New Zealand Auckland
89%
Kuwait Kuwait City
89%
Italy Naples
89%
Iceland Reykjavik
89%
Brazil Sao Paulo
89%
Singapore Singapore
89%
United States Atlanta
88%
United States Austin
88%
United States Detroit
88%
United Kingdom Edinburgh
88%
United States Honolulu
88%
Nigeria Lagos
88%
Canada Montreal
88%
United States Orlando
88%
Czech Republic Prague
88%
United States San Diego
88%
Taiwan Taipei
88%
Italy Venice
88%
United States Washington
88%
Morocco Casablanca
87%
Qatar Doha
87%
Kenya Nairobi
87%
United States New Orleans
87%
United States Phoenix
87%
United States Portland
87%
Saudi Arabia Riyadh
87%
Mexico San Jose del Cabo
87%
United States Tampa
87%
Canada Calgary
86%
Panama Panama City
86%
United States Anchorage
85%
Serbia Belgrade
85%
Switzerland Geneva
85%
United States New York
85%
France Nice
85%
Costa Rica San Jose
85%
Jordan Amman
84%
St Vincent and the Grenadines Kingstown
84%
United States Minneapolis
84%
Bahamas Nassau
84%
United States Salt Lake City
84%
Mexico Cancun
83%
United States Philadelphia
83%
United States Sacramento
83%
United States Charlotte
82%
Jamaica Kingston
82%
Ecuador Quito
82%
United States Baltimore
80%
United States Cleveland
80%
Guatemala Guatemala City
80%
United States Jacksonville
80%
Saudi Arabia Jeddah
80%
Ghana Accra
79%
China Guangzhou
79%
United States San Antonio
79%
United States Buffalo
78%
Haiti Port-au-Prince
78%
Senegal Dakar
77%
United States Milwaukee
77%
El Salvador San Salvador
77%
United States Albuquerque
76%
United States Cincinnati
76%
Germany Dusseldorf
76%
United States Indianapolis
76%
United States Kansas City
76%
United States Nashville
75%
United States Raleigh
75%
Dominican Republic Santo Domingo
75%
United States Pittsburgh
74%
Bermuda Bermuda
73%
United States Columbus
73%
Colombia Medellin
73%
Puerto Rico San Juan
73%
Mexico Guadalajara
71%
Cayman Islands George Town
69%
Guyana Georgetown
69%
United States Fort Lauderdale
67%
Uzbekistan Tashkent
67%
Belize Belize City
66%
Mexico Monterrey
66%
United States Richmond
66%
United States Charleston
65%
Trinidad and Tobago Port of Spain
65%
Aruba Aruba
64%
United States Savannah
61%
Ivory Coast Abidjan
60%
Curacao Curacao
60%
United States Syracuse
59%
St Kitts and Nevis Basseterre
58%
Colombia Cali
57%
Italy Catania
57%
United States Reno
57%
Barbados Bridgetown
56%
Togo Lome
56%
Ecuador Guayaquil
55%
United States Rochester
55%
Bonaire Bonaire
54%
Antigua and Barbuda Antigua
53%
United States Augusta
51%
Jamaica Montego Bay
51%
United States Norfolk
51%
Ireland Shannon
50%
St Lucia Vieux Fort
49%
Dominican Republic Punta Cana
47%
United States Burlington
45%
Colombia Cartagena
45%
United States Fort Myers
44%
United States Bangor
41%
United States Nantucket
41%
Grenada St George´s
41%
China Hangzhou
40%
United States Martha´s Vineyard
40%
United States West Palm Beach
38%
United States Bozeman
35%
United States Santa Ana
35%
United States Sarasota
35%
United States Worcester
35%
United States Burbank
34%
China Fuzhou
34%
Mexico Puerto Vallarta
34%
Trinidad and Tobago Scarborough
34%
United States Palm Springs
33%
Sint Maarten Sint Maarten
33%
United States Ithaca
32%
United States Ontario
32%
United States Vail
31%
Portugal Ponta Delgada
30%
Honduras San Pedro Sula
30%
Costa Rica Liberia
28%
Mexico Tulum
27%
U.S. Virgin Islands St Thomas
24%
Dominican Republic Puerto Plata
19%
Turks and Caicos Islands Providenciales
18%
Puerto Rico Ponce
16%
Portugal Terceira
16%
Puerto Rico Aguadilla
13%
United States Hyannis
12%
Colombia Pereira
11%
United States Saranac Lake
7%
No matching quizzes found
Score Distribution
Percent of People with Each Score
Percentile by Number Answered
Your Score History
You have not taken this quiz